[Event "26th Klatovy B 2018"]
[Site "Klatovy CZE"]
[Date "2018.07.07"]
[Round "8.69"]
[White "Bukvaj, Jan"]
[Black "Skrivan, Matej 2008"]
[Result "1-0"]
[WhiteElo "1051"]
[BlackElo "1056"]
[PlyCount "79"]
[EventDate "2018.06.30"]
[EventType "swiss"]
[EventRounds "9"]
[EventCountry "CZE"]

1. e4 e5 2. Nf3 Bc5 3. Nxe5 Nf6 4. d4 Bxd4 5. Qxd4 Nc6 6. Nxc6 bxc6 7. e5 O-O 8. exf6 Qe8+ 9. Be2 Ba6 10. Nc3 g6 11. Qe3 Qd8 12. Qe7 Qxe7 13. fxe7 Rfe8 14. Bxa6 Rxe7+ 15. Be2 d5 16. Bg5 Ree8 17. O-O-O a5 18. a3 d4 19. Rxd4 c5 20. Rd7 a4 21. Rxc7 Re5 22. Be3 c4 23. Rxc4 Ree8 24. Rxa4 Rac8 25. Rb4 Ra8 26. Bf3 Rac8 27. a4 Rc7 28. a5 Rcc8 29. a6 Rc7 30. a7 Rcc8 31. a8=Q Rxa8 32. Bxa8 Rxa8 33. Bd4 Ra1+ 34. Kd2 Ra8 35. Ra1 Rd8 36. Kd3 Rc8 37. Ra5 h6 38. Rab5 Rc7 39. Rb8+ Kh7 40. Rh8# 1-0

[Event "26th Klatovy B 2018"]
[Site "Klatovy CZE"]
[Date "2018.07.08"]
[Round "9.2"]
[White "Novotny, David"]
[Black "Zidu, Jan"]
[Result "1-0"]
[WhiteElo "1715"]
[BlackElo "1913"]
[PlyCount "41"]
[EventDate "2018.06.30"]
[EventType "swiss"]
[EventRounds "9"]
[EventCountry "CZE"]

1. d4 d5 2. c4 e6 3. Nc3 Nf6 4. Bg5 c6 5. e3 Nbd7 6. cxd5 exd5 7. Bd3 Bd6 8. Nf3 O-O 9. O-O Re8 10. Qc2 Qc7 11. Rab1 h6 12. Bh4 a6 13. b4 b5 14. Rfc1 g5 15. Bg3 Bxg3 16. hxg3 Qd6 17. e4 Nh5 18. exd5 cxd5 19. a4 bxa4 20. Qxa4 Nhf6 21. Nb5 1-0

[Event "26th Klatovy B 2018"]
[Site "Klatovy CZE"]
[Date "2018.07.08"]
[Round "9.3"]
[White "Kastner, Jan"]
[Black "Flajsman, Petr"]
[Result "1-0"]
[WhiteElo "1930"]
[BlackElo "1753"]
[PlyCount "97"]
[EventDate "2018.06.30"]
[EventType "swiss"]
[EventRounds "9"]
[EventCountry "CZE"]

1. d4 Nf6 2. Nf3 d5 3. c3 Bf5 4. Bf4 Nbd7 5. h3 h6 6. e3 e6 7. Bd3 Bxd3 8. Qxd3 Bd6 9. Bxd6 cxd6 10. Nbd2 e5 11. e4 O-O 12. O-O Re8 13. Rfe1 dxe4 14. Nxe4 Nxe4 15. Qxe4 Qc7 16. Rad1 Nf6 17. Qf5 e4 18. Nh2 d5 19. Ng4 Nxg4 20. hxg4 Rad8 21. Qh5 Qf4 22. Re3 Qg5 23. Qh3 Re6 24. Rde1 Rg6 25. f3 exf3 26. gxf3 Qf4 27. Kf2 Rdd6 28. Re8+ Kh7 29. Qg3 Qxg3+ 30. Kxg3 Rge6 31. R8xe6 Rxe6 32. Rxe6 fxe6 33. Kf4 Kg6 34. Ke5 Kf7 35. f4 g6 36. a4 Ke7 37. f5 exf5 38. gxf5 gxf5 39. Kxf5 Kf7 40. a5 b5 41. axb6 axb6 42. Ke5 Kg6 43. Kxd5 Kf5 44. Kc6 h5 45. d5 h4 46. d6 h3 47. d7 h2 48. d8=Q h1=Q+ 49. Qd5+ 1-0

[Event "26th Klatovy B 2018"]
[Site "Klatovy CZE"]
[Date "2018.07.08"]
[Round "9.4"]
[White "Hartmann, Andreas 1969"]
[Black "Mejzr, Jan"]
[Result "1-0"]
[WhiteElo "1847"]
[BlackElo "1897"]
[PlyCount "133"]
[EventDate "2018.06.30"]
[EventType "swiss"]
[EventRounds "9"]
[EventCountry "CZE"]

1. c4 c5 2. g3 g6 3. Bg2 Bg7 4. Nf3 Nf6 5. Nc3 Nc6 6. O-O O-O 7. e3 d6 8. d3 Bf5 9. Ne2 Qc8 10. Re1 Ng4 11. Nf4 Nge5 12. Nxe5 Bxe5 13. Ne2 Re8 14. a3 Rb8 15. Nc3 a6 16. a4 Bg7 17. Rf1 Ne5 18. e4 Bh3 19. Bf4 Bxg2 20. Kxg2 Nc6 21. Be3 Nb4 22. Rb1 Qc6 23. Ne2 f5 24. f3 e6 25. Bf4 Rbd8 26. Nc3 d5 27. cxd5 exd5 28. exf5 gxf5 29. Bg5 Rd6 30. Ne2 Rde6 31. Rf2 b5 32. axb5 Qxb5 33. Nf4 Re1 34. Qxe1 Rxe1 35. Rxe1 h6 36. Bh4 Nxd3 37. Nxd3 Qxd3 38. Re8+ Bf8 39. Rfe2 Kf7 40. R8e5 d4 41. Be7 Bg7 42. Re6 c4 43. Bb4 Bf6 44. h4 c3 45. bxc3 dxc3 46. R6e3 Qc4 47. Bxc3 Bxc3 48. Rc2 Qd5 49. Rexc3 a5 50. Rc7+ Kg6 51. R7c5 Qd3 52. Ra2 a4 53. Ra5 Qd1 54. R5xa4 Kh5 55. Ra5 Kg6 56. h5+ Kf6 57. Rb5 Qd6 58. Rab2 Qd4 59. f4 Qe4+ 60. Kh2 Qf3 61. Rb6+ Kg7 62. Rb7+ Kf8 63. Rh7 Qxh5+ 64. Kg2 Kg8 65. Re7 Kf8 66. Reb7 Qg4 67. Rc2 1-0

[Event "26th Klatovy B 2018"]
[Site "Klatovy CZE"]
[Date "2018.07.08"]
[Round "9.5"]
[White "Danko, Jiri"]
[Black "Kanka, Matej 2000"]
[Result "0-1"]
[WhiteElo "1954"]
[BlackElo "1905"]
[PlyCount "55"]
[EventDate "2018.06.30"]
[EventType "swiss"]
[EventRounds "9"]
[EventCountry "CZE"]

1. e4 Nf6 2. d3 d6 3. f4 g6 4. Nf3 Bg7 5. Nc3 b6 6. Be2 Bb7 7. Be3 e6 8. O-O c5 9. Kh1 Nc6 10. a3 O-O 11. Qe1 Qe7 12. Bf2 Ng4 13. Bh4 Bf6 14. Bxf6 Qxf6 15. Bd1 Qxf4 16. Qh4 Nce5 17. Be2 Qh6 18. Qg3 f5 19. Nxe5 Nxe5 20. Nb5 f4 21. Qf2 Rad8 22. Nxa7 g5 23. Nb5 g4 24. g3 f3 25. Bd1 c4 26. d4 Nf7 27. Nc3 Qh3 28. Qd2 0-1

[Event "26th Klatovy B 2018"]
[Site "Klatovy CZE"]
[Date "2018.07.08"]
[Round "9.7"]
[White "Jirasek, Jiri"]
[Black "Chmelik, Ladislav"]
[Result "1-0"]
[WhiteElo "1903"]
[BlackElo "1761"]
[PlyCount "47"]
[EventDate "2018.06.30"]
[EventType "swiss"]
[EventRounds "9"]
[EventCountry "CZE"]

1. d4 Nf6 2. c4 d5 3. Nc3 e6 4. Nf3 dxc4 5. e3 Bb4 6. Bxc4 O-O 7. O-O c5 8. a3 cxd4 9. exd4 Bxc3 10. bxc3 Qc7 11. Qe2 Nc6 12. Bd2 Bd7 13. Rfc1 Na5 14. Ba2 Rac8 15. Ne5 Ba4 16. Rab1 Nc6 17. Bf4 Nd5 18. Bxd5 exd5 19. Ng6 Qd7 20. Nxf8 Rxf8 21. h3 Na5 22. Qg4 Qe7 23. Re1 Qxa3 24. Bh6 1-0

[Event "26th Klatovy B 2018"]
[Site "Klatovy CZE"]
[Date "2018.07.08"]
[Round "9.8"]
[White "Schille, Hannes"]
[Black "Simacek, Vaclav"]
[Result "0-1"]
[WhiteElo "1750"]
[BlackElo "1868"]
[PlyCount "88"]
[EventDate "2018.06.30"]
[EventType "swiss"]
[EventRounds "9"]
[EventCountry "CZE"]

1. d4 Nf6 2. Nf3 c5 3. c3 e6 4. Bg5 Be7 5. e3 cxd4 6. exd4 O-O 7. Bxf6 Bxf6 8. Bd3 Nc6 9. Qc2 h6 10. O-O a6 11. Nbd2 b5 12. Ne4 Be7 13. a3 f5 14. Ng3 Bb7 15. Ne2 Bd6 16. Rae1 Qf6 17. Nc1 Ne7 18. Ne5 Bxe5 19. dxe5 Qg6 20. f4 Nd5 21. Nb3 Rac8 22. Qf2 Nxc3 23. bxc3 Rxc3 24. Bc2 Rfc8 25. Re2 Bd5 26. Rb1 Rf3 27. Qe1 Rxf4 28. Rf2 Rfc4 29. Qd1 Qg5 30. Qc1 Qg4 31. Rb2 Rc3 32. Qd2 b4 33. Bxf5 Qh5 34. axb4 Bxb3 35. Be4 Qxe5 36. Bb7 Rc1+ 37. Rf1 Rxf1+ 38. Kxf1 Rf8+ 39. Kg1 Bc4 40. Rb1 d5 41. Re1 Qc7 42. Bxd5 exd5 43. Qd4 Qe7 44. Rd1 Qxb4 0-1

[Event "26th Klatovy B 2018"]
[Site "Klatovy CZE"]
[Date "2018.07.08"]
[Round "9.9"]
[White "Vachal, Josef1"]
[Black "Hosnedl, Matyas"]
[Result "1/2-1/2"]
[WhiteElo "1829"]
[BlackElo "1697"]
[PlyCount "80"]
[EventDate "2018.06.30"]
[EventType "swiss"]
[EventRounds "9"]
[EventCountry "CZE"]

1. d4 Nf6 2. Nf3 g6 3. c4 d5 4. e3 Bg7 5. Nc3 O-O 6. Bd3 c5 7. O-O cxd4 8. Nxd4 Nc6 9. Nxc6 bxc6 10. cxd5 cxd5 11. Bd2 Rb8 12. Rb1 Be6 13. Nb5 Ne4 14. Nc3 Nxd2 15. Qxd2 Qa5 16. b4 Rxb4 17. Nxd5 Ra4 18. Qxa5 Rxa5 19. Nxe7+ Kh8 20. Rbc1 Rxa2 21. Bc4 Bxc4 22. Rxc4 a5 23. Nc6 Ra8 24. g3 a4 25. Nd4 a3 26. Rfc1 Kg8 27. Rc8+ Rxc8 28. Rxc8+ Bf8 29. Nb5 Kg7 30. Ra8 Bc5 31. Ra6 Rb2 32. Nd4 a2 33. Kg2 Bb4 34. Kf3 Kf8 35. Ra8+ Kg7 36. h4 h5 37. Ra7 Be1 38. Ne2 Kf6 39. Ra4 Ke6 40. Nf4+ Kf6 1/2-1/2

[Event "26th Klatovy B 2018"]
[Site "Klatovy CZE"]
[Date "2018.07.08"]
[Round "9.10"]
[White "Rezac, Jindrich"]
[Black "Merinsky, Vaclav"]
[Result "1/2-1/2"]
[WhiteElo "1806"]
[BlackElo "1565"]
[PlyCount "56"]
[EventDate "2018.06.30"]
[EventType "swiss"]
[EventRounds "9"]
[EventCountry "CZE"]

1. e4 e5 2. Nf3 Nc6 3. d4 exd4 4. Bc4 Bc5 5. c3 Nf6 6. O-O d5 7. exd5 Nxd5 8. cxd4 Be7 9. Re1 O-O 10. Bxd5 Qxd5 11. Nc3 Qd8 12. d5 Nb8 13. Bf4 Na6 14. Rc1 Bd7 15. Ne5 Bd6 16. Nxd7 Bxf4 17. Nxf8 Bxc1 18. Qxc1 Qxf8 19. Qf4 Qd8 20. Qe5 Qd7 21. h3 h6 22. Re3 Kf8 23. Rg3 f6 24. Qe4 Re8 25. Qh7 Qf7 26. Ne4 Qg8 27. Qg6 Qf7 28. Qh7 Qg8 1/2-1/2

[Event "26th Klatovy B 2018"]
[Site "Klatovy CZE"]
[Date "2018.07.08"]
[Round "9.11"]
[White "Masek, Jan"]
[Black "Sedlak, Jakub"]
[Result "1-0"]
[WhiteElo "1948"]
[BlackElo "1500"]
[PlyCount "107"]
[EventDate "2018.06.30"]
[EventType "swiss"]
[EventRounds "9"]
[EventCountry "CZE"]

1. e4 e6 2. d4 d5 3. Nd2 Nf6 4. e5 Nfd7 5. Bd3 c5 6. c3 Nc6 7. Ngf3 cxd4 8. cxd4 Be7 9. O-O O-O 10. Re1 f6 11. exf6 Nxf6 12. Nb3 Bd7 13. Bd2 Nb4 14. Bb1 Rc8 15. a3 Na6 16. Ng5 Qb6 17. Ba5 Qd6 18. Qd3 h6 19. Nh7 Rf7 20. Nxf6+ Rxf6 21. Qh7+ Kf7 22. Bd2 Bf8 23. h4 Qb6 24. Ba2 Ba4 25. Qd3 Bb5 26. Qe3 Bc4 27. Rac1 Bd6 28. g3 Rf8 29. Rc3 Kg8 30. Bb1 Nc7 31. f4 Nb5 32. Rcc1 Bxb3 33. Qxb3 Nxd4 34. Qxb6 axb6 35. Rc3 Nc6 36. Ba2 Kh8 37. b4 b5 38. Rce3 Nd8 39. Bc3 R6f7 40. Bb1 Bc7 41. Bd4 Rg8 42. Bg6 Rd7 43. Bd3 Nc6 44. Bxb5 Nxd4 45. Bxd7 Nc2 46. Rxe6 Nxe1 47. Rxe1 g5 48. hxg5 hxg5 49. f5 Bxg3 50. Re6 Rd8 51. Be8 d4 52. f6 Kg8 53. f7+ Kg7 54. Rg6+ 1-0

[Event "26th Klatovy B 2018"]
[Site "Klatovy CZE"]
[Date "2018.07.08"]
[Round "9.12"]
[White "Zednik, Zdenek"]
[Black "Simunek, Jakub Simon"]
[Result "0-1"]
[WhiteElo "1913"]
[BlackElo "1578"]
[PlyCount "82"]
[EventDate "2018.06.30"]
[EventType "swiss"]
[EventRounds "9"]
[EventCountry "CZE"]

1. b4 e6 2. Bb2 Nf6 3. a3 Be7 4. Nf3 d5 5. e3 O-O 6. Be2 c5 7. b5 b6 8. c4 dxc4 9. Bxc4 Bb7 10. O-O Nbd7 11. Nc3 Bd6 12. Qe2 Qc7 13. e4 Ne5 14. Nxe5 Bxe5 15. d3 Bxh2+ 16. Kh1 Be5 17. g3 h5 18. Kg2 g6 19. Nd1 Kg7 20. Ne3 Rh8 21. f4 Bxb2 22. Qxb2 Rh7 23. Rf2 Rah8 24. Raf1 Qd8 25. Kg1 Kf8 26. f5 gxf5 27. Nxf5 Ng4 28. Nd6 Qxd6 29. Rxf7+ Ke8 30. R1f4 Qd4+ 31. Qxd4 cxd4 32. Bxe6 Ne5 33. R7f5 Nxd3 34. Bf7+ Kd8 35. Rf1 Bxe4 36. Rf6 Rg7 37. Rd6+ Kc7 38. Rxd4 Rxg3+ 39. Kh2 Rg2+ 40. Kh3 Nf2+ 41. Rxf2 Rxf2 0-1

[Event "26th Klatovy B 2018"]
[Site "Klatovy CZE"]
[Date "2018.07.08"]
[Round "9.13"]
[White "Lener, Jaroslav 1975"]
[Black "Mykiska, Vojtech"]
[Result "1/2-1/2"]
[WhiteElo "1792"]
[BlackElo "1576"]
[PlyCount "28"]
[EventDate "2018.06.30"]
[EventType "swiss"]
[EventRounds "9"]
[EventCountry "CZE"]

1. Nf3 Nc6 2. c4 e6 3. d4 d5 4. Bg5 Be7 5. Bxe7 Qxe7 6. cxd5 exd5 7. Nc3 Nf6 8. e3 Bf5 9. Bb5 O-O 10. Bxc6 bxc6 11. Qa4 c5 12. dxc5 Qxc5 13. Qd4 Qxd4 14. Nxd4 Bd7 1/2-1/2

[Event "26th Klatovy B 2018"]
[Site "Klatovy CZE"]
[Date "2018.07.08"]
[Round "9.14"]
[White "Cyron, Karel"]
[Black "Asatryan, Manvel"]
[Result "0-1"]
[WhiteElo "1756"]
[BlackElo "1574"]
[PlyCount "104"]
[EventDate "2018.06.30"]
[EventType "swiss"]
[EventRounds "9"]
[EventCountry "CZE"]

1. e4 d6 2. d4 Nf6 3. Nc3 c6 4. Be3 Qa5 5. Qd2 e5 6. Nf3 Nbd7 7. Be2 b5 8. Nb1 Qxd2+ 9. Nbxd2 Be7 10. h3 O-O 11. O-O Bb7 12. Bd3 a6 13. a3 exd4 14. Nxd4 Rfe8 15. Nf5 Bf8 16. Bf4 Ne5 17. Rfe1 Rad8 18. Rad1 c5 19. f3 c4 20. Bf1 Nh5 21. Bh2 g6 22. g4 gxf5 23. gxh5 fxe4 24. fxe4 Bh6 25. Bg2 Bc8 26. Re2 f6 27. Nf1 Be6 28. Rde1 Bf7 29. Ng3 d5 30. Nf5 Bf8 31. exd5 Bxh5 32. Re4 Bc5+ 33. Kf1 Bg6 34. Nh6+ Kg7 35. Rh4 Bxc2 36. Be4 Bxe4 37. Rexe4 Rxd5 38. Nf5+ Kh8 39. Bf4 Red8 40. Bh6 Bf8 41. Bxf8 Rxf8 42. Rh6 Rd7 43. Reh4 Nd3 44. Re4 Nxb2 45. Rxf6 Rfd8 46. Ree6 Rc7 47. Rc6 Rxc6 48. Rxc6 Rf8 49. Rc5 Nd3 50. Rd5 Nf4 51. Rc5 Ne6 52. Re5 Ng7 0-1

[Event "26th Klatovy B 2018"]
[Site "Klatovy CZE"]
[Date "2018.07.08"]
[Round "9.15"]
[White "Celovsky, Jan"]
[Black "Macho, Miloslav"]
[Result "0-1"]
[WhiteElo "1397"]
[BlackElo "1710"]
[PlyCount "90"]
[EventDate "2018.06.30"]
[EventType "swiss"]
[EventRounds "9"]
[EventCountry "CZE"]

1. e4 e5 2. Nf3 Nc6 3. Bb5 a6 4. Ba4 d6 5. O-O Bg4 6. c3 b5 7. Bc2 Qf6 8. d3 Bxf3 9. Qxf3 Qxf3 10. gxf3 g6 11. f4 Bh6 12. fxe5 Bxc1 13. Rxc1 Nxe5 14. d4 Nc4 15. b3 Nb6 16. Nd2 Ne7 17. f4 f5 18. e5 Ned5 19. Bd1 Nxf4 20. Bf3 Rb8 21. Re1 Kf7 22. c4 Rbe8 23. Re3 dxe5 24. Rxe5 Rxe5 25. dxe5 Nd3 26. Be2 Nf4 27. Bf1 Rd8 28. Nf3 bxc4 29. bxc4 Nd7 30. Rd1 Ne6 31. Kf2 Nxe5 32. Rxd8 Nxd8 33. Ng5+ Kg7 34. Ke3 Ndc6 35. Kf4 h6 36. Nf3 Kf7 37. h4 Ke6 38. Bh3 Nd3+ 39. Ke3 Nde5 40. Nd4+ Nxd4 41. Kxd4 Nd7 42. Bg2 c5+ 43. Kd3 Ne5+ 44. Kc3 f4 45. Bd5+ Kf5 0-1

[Event "26th Klatovy B 2018"]
[Site "Klatovy CZE"]
[Date "2018.07.08"]
[Round "9.16"]
[White "Mareska, Daniel"]
[Black "Dolejs, Jakub"]
[Result "0-1"]
[WhiteElo "1697"]
[BlackElo "1447"]
[PlyCount "92"]
[EventDate "2018.06.30"]
[EventType "swiss"]
[EventRounds "9"]
[EventCountry "CZE"]

1. Nf3 d5 2. e3 Nf6 3. b3 Nbd7 4. Bb2 e6 5. Ne5 Nxe5 6. Bxe5 Bd6 7. f4 Bxe5 8. fxe5 Ne4 9. Qg4 Qg5 10. Be2 Qxe5 11. d4 Qf6 12. Rf1 Qg5 13. Qxg5 Nxg5 14. Nd2 Ne4 15. Nxe4 dxe4 16. Kd2 O-O 17. a4 Rd8 18. Rf4 f5 19. Ke1 b6 20. Bc4 g6 21. g4 Kf8 22. Rc1 Ke7 23. c3 Bb7 24. Rc2 Rac8 25. b4 c5 26. Bb3 cxb4 27. cxb4 Rxc2 28. Bxc2 Bd5 29. h3 Rc8 30. Kd2 Ra8 31. g5 b5 32. Rf1 a5 33. Rb1 axb4 34. Rxb4 Rxa4 35. Rxb5 Ra1 36. Rb1 Rxb1 37. Bxb1 Kd6 38. Bc2 e5 39. dxe5+ Kxe5 40. Ke2 f4 41. Kf2 Kf5 42. Bd1 fxe3+ 43. Kxe3 Bc4 44. Kd4 Ba6 45. Ke3 Bd3 46. h4 h5 0-1

[Event "26th Klatovy B 2018"]
[Site "Klatovy CZE"]
[Date "2018.07.08"]
[Round "9.17"]
[White "Gerigk, Daniel"]
[Black "Matejicek, Vojtech"]
[Result "1/2-1/2"]
[WhiteElo "1690"]
[BlackElo "1393"]
[PlyCount "60"]
[EventDate "2018.06.30"]
[EventType "swiss"]
[EventRounds "9"]
[EventCountry "CZE"]

1. e4 c5 2. Nf3 Nc6 3. d4 cxd4 4. Nxd4 e5 5. Nb3 Nf6 6. Nc3 Bb4 7. Bg5 O-O 8. Bc4 h6 9. Bh4 d6 10. Qd3 Be6 11. O-O-O Bxc3 12. bxc3 Bxc4 13. Qxc4 Rc8 14. Qd3 a5 15. Rhe1 a4 16. Nd2 d5 17. exd5 Qxd5 18. Qxd5 Nxd5 19. Ne4 Nf4 20. Nd6 Rb8 21. Re4 Nxg2 22. Bg3 Nf4 23. Nf5 Rfe8 24. f3 g6 25. Nxh6+ Kg7 26. Bxf4 exf4 27. Rxe8 Rxe8 28. Ng4 f5 29. Rd7+ Re7 30. Rxe7+ Nxe7 1/2-1/2

[Event "26th Klatovy B 2018"]
[Site "Klatovy CZE"]
[Date "2018.07.08"]
[Round "9.18"]
[White "Kovar, Vaclav 1953"]
[Black "Pecka, Jan"]
[Result "1-0"]
[WhiteElo "1688"]
[BlackElo "1383"]
[PlyCount "101"]
[EventDate "2018.06.30"]
[EventType "swiss"]
[EventRounds "9"]
[EventCountry "CZE"]

1. d4 Nf6 2. c4 e6 3. Nc3 d5 4. cxd5 exd5 5. Bg5 Be7 6. e3 Bf5 7. Rc1 c6 8. Nf3 Nbd7 9. h3 O-O 10. Bd3 Bxd3 11. Qxd3 Re8 12. O-O Ne4 13. Bxe7 Qxe7 14. Nd2 f5 15. Rfe1 Qh4 16. Ncxe4 fxe4 17. Qb3 Rab8 18. Nf1 Rf8 19. Rc2 Rf7 20. Ree2 Nf8 21. Rxc6 bxc6 22. Qxb8 h6 23. Qg3 Qd8 24. Rc2 Qb6 25. Qd6 Rf6 26. Qc5 Qa6 27. b3 Nd7 28. Qe7 Nb8 29. Qe5 Qb6 30. Ng3 Qb7 31. Nh5 Rf7 32. Nf4 Rf6 33. h4 Na6 34. Nh5 Rg6 35. Nf4 Rf6 36. h5 Kh7 37. Qe8 Rxf4 38. exf4 Nb4 39. Re2 Qa6 40. Qg6+ Kg8 41. Qg4 Nxa2 42. f5 c5 43. dxc5 Nc3 44. Re3 d4 45. Rxe4 Nxe4 46. Qxe4 Qa1+ 47. Kh2 Qc3 48. Qe5 Qxb3 49. Qxd4 a5 50. c6 Qb8+ 51. g3 1-0

[Event "26th Klatovy B 2018"]
[Site "Klatovy CZE"]
[Date "2018.07.08"]
[Round "9.19"]
[White "Kotal, Vit"]
[Black "Sova, Zdenek"]
[Result "1/2-1/2"]
[WhiteElo "1464"]
[BlackElo "1682"]
[PlyCount "63"]
[EventDate "2018.06.30"]
[EventType "swiss"]
[EventRounds "9"]
[EventCountry "CZE"]

1. e4 c5 2. Nf3 e6 3. d4 cxd4 4. Nxd4 a6 5. Nc3 Qc7 6. Bd3 b5 7. a3 Nf6 8. O-O Bb7 9. Be3 Bc5 10. Qe2 O-O 11. Rfe1 d6 12. Kh1 Nbd7 13. f4 Rac8 14. Qf3 Rfe8 15. Qg3 Qb6 16. Nb3 Bxe3 17. Qxe3 Qxe3 18. Rxe3 Ng4 19. Rg3 Ngf6 20. Rd1 Nh5 21. Rf3 Rcd8 22. Nd4 Nc5 23. Kg1 g6 24. b4 Nxd3 25. cxd3 Rc8 26. Nce2 Rc7 27. Rff1 Rec8 28. g4 Nf6 29. h3 Nd7 30. Rc1 e5 31. fxe5 dxe5 32. Nb3 1/2-1/2

[Event "26th Klatovy B 2018"]
[Site "Klatovy CZE"]
[Date "2018.07.08"]
[Round "9.20"]
[White "Martinkova, Magdalena"]
[Black "Privoznik, Lubos"]
[Result "1-0"]
[WhiteElo "1186"]
[BlackElo "1665"]
[PlyCount "37"]
[EventDate "2018.06.30"]
[EventType "swiss"]
[EventRounds "9"]
[EventCountry "CZE"]

1. e4 e5 2. Nc3 Nf6 3. f4 d5 4. fxe5 Nxe4 5. d3 Qh4+ 6. g3 Nxc3 7. bxc3 Qd8 8. d4 c5 9. Nf3 Bg4 10. Be2 Qa5 11. Bd2 c4 12. O-O Nc6 13. Ng5 Be6 14. Nxe6 fxe6 15. Bg4 Nd8 16. Qf3 Qc7 17. Bh5+ Kd7 18. Bg4 Be7 19. Qxd5+ 1-0

[Event "26th Klatovy B 2018"]
[Site "Klatovy CZE"]
[Date "2018.07.08"]
[Round "9.21"]
[White "Kovar, Michal"]
[Black "Perik, Alois"]
[Result "0-1"]
[WhiteElo "1492"]
[BlackElo "1832"]
[PlyCount "144"]
[EventDate "2018.06.30"]
[EventType "swiss"]
[EventRounds "9"]
[EventCountry "CZE"]

1. d4 d5 2. Bf4 Nf6 3. c3 e6 4. e3 Bd6 5. Bg3 b6 6. Bb5+ c6 7. Ba4 Qc7 8. Qf3 e5 9. dxe5 Bxe5 10. Bxe5 Qxe5 11. Qg3 Qxg3 12. hxg3 Bf5 13. Nd2 b5 14. Bb3 Nbd7 15. Ngf3 h6 16. Nd4 Be6 17. Nxc6 Nc5 18. Nd4 a6 19. O-O O-O 20. a4 Nd3 21. Nxe6 fxe6 22. Bc2 Nxb2 23. Ra2 Nc4 24. Nxc4 bxc4 25. Rb2 Nd7 26. Rb7 Nc5 27. Rb6 Kf7 28. Rfb1 Rac8 29. f3 Ke7 30. e4 dxe4 31. fxe4 Rfd8 32. R1b4 Rd2 33. Rb2 Rf8 34. Bb1 Rxb2 35. Rxb2 Nxa4 36. Rb7+ Kf6 37. Ba2 Rc8 38. Rb4 Nxc3 39. Bxc4 Nxe4 40. Bxa6 Ra8 41. Rxe4 Rxa6 42. Rf4+ Kg5 43. Re4 Kf5 44. Rf4+ Ke5 45. Rf3 Ra4 46. Re3+ Re4 47. Rf3 g5 48. Rf7 h5 49. Rh7 h4 50. gxh4 Rxh4 51. Ra7 Rf4 52. g3 Rd4 53. Ra5+ Rd5 54. Ra2 Kf5 55. Kg2 e5 56. Rf2+ Ke4 57. g4 Kd4 58. Rd2+ Kc5 59. Rc2+ Kd6 60. Rc8 e4 61. Re8 Re5 62. Rd8+ Kc5 63. Kf2 Rd5 64. Rf8 Kd4 65. Ra8 Ke5 66. Rf8 Kd4 67. Ra8 Rc5 68. Ra4+ Ke5 69. Ke3 Rc3+ 70. Kf2 Kf4 71. Rb4 Rc2+ 72. Ke1 Rg2 0-1

[Event "26th Klatovy B 2018"]
[Site "Klatovy CZE"]
[Date "2018.07.08"]
[Round "9.22"]
[White "Vavrinkova, Anna"]
[Black "Leseticky, Vladimir"]
[Result "1-0"]
[WhiteElo "1463"]
[BlackElo "1730"]
[PlyCount "53"]
[EventDate "2018.06.30"]
[EventType "swiss"]
[EventRounds "9"]
[EventCountry "CZE"]

1. e4 e5 2. Nf3 Nc6 3. Bb5 Bc5 4. O-O Nge7 5. c3 O-O 6. d4 exd4 7. cxd4 Bb6 8. Nc3 d6 9. h3 a6 10. Ba4 Ng6 11. Bg5 Nce7 12. Qd3 c6 13. Bc2 d5 14. exd5 Bf5 15. Qxf5 Nxf5 16. Bxd8 Raxd8 17. Bxf5 cxd5 18. Rfe1 Nf4 19. g3 g6 20. gxf4 gxf5 21. Re5 Kh8 22. Rxf5 f6 23. Nxd5 Rd6 24. Nxb6 Rxb6 25. b3 Rc6 26. Rc5 Re6 27. Re1 1-0

[Event "26th Klatovy B 2018"]
[Site "Klatovy CZE"]
[Date "2018.07.08"]
[Round "9.23"]
[White "Chmelik, Benedikt"]
[Black "Kuta, Miroslav"]
[Result "1/2-1/2"]
[WhiteElo "1475"]
[BlackElo "1725"]
[PlyCount "34"]
[EventDate "2018.06.30"]
[EventType "swiss"]
[EventRounds "9"]
[EventCountry "CZE"]

1. e4 c6 2. d4 d5 3. Nc3 dxe4 4. Nxe4 Bf5 5. Ng3 Bg6 6. Nf3 Nd7 7. Bd3 Bxd3 8. Qxd3 e6 9. O-O Ngf6 10. Bg5 h6 11. Be3 Bd6 12. c4 O-O 13. a3 Re8 14. Rfe1 Bxg3 15. hxg3 Nc5 16. Qc2 Nce4 17. Bf4 Nd6 1/2-1/2

[Event "26th Klatovy B 2018"]
[Site "Klatovy CZE"]
[Date "2018.07.08"]
[Round "9.24"]
[White "Zak, Jiri1"]
[Black "Day, Tobias"]
[Result "0-1"]
[WhiteElo "1702"]
[BlackElo "1287"]
[PlyCount "100"]
[EventDate "2018.06.30"]
[EventType "swiss"]
[EventRounds "9"]
[EventCountry "CZE"]

1. Nf3 f5 2. b3 Nf6 3. Bb2 d6 4. d3 e5 5. e3 g6 6. Qe2 Bg7 7. Nbd2 Be6 8. e4 Nc6 9. d4 fxe4 10. Nxe4 Nxe4 11. Qxe4 Bf5 12. Qe2 Ne7 13. dxe5 dxe5 14. Rd1 Qc8 15. Bxe5 Bxe5 16. Qxe5 Qe6 17. Qxe6 Bxe6 18. Nd4 Bd7 19. Bb5 c6 20. Bc4 O-O-O 21. O-O Nf5 22. Nf3 Rde8 23. Bd3 Re7 24. Bxf5 Bxf5 25. Rd2 Rhe8 26. Nd4 Rd7 27. Rfd1 Red8 28. c3 Bg4 29. f3 Bf5 30. b4 Be6 31. Kf2 Bd5 32. f4 Rf7 33. g3 Rfd7 34. a3 Re8 35. Nc2 Rde7 36. Ne3 Rxe3 37. c4 Bxc4 38. Rd8+ Rxd8 39. Rxd8+ Kxd8 40. Kxe3 Ke7 41. Kd4 Bb5 42. Ke5 b6 43. h4 h5 44. f5 gxf5 45. Kxf5 Be2 46. Ke5 c5 47. Kd5 cxb4 48. axb4 a5 49. bxa5 bxa5 50. Kd4 Kf6 0-1

[Event "26th Klatovy B 2018"]
[Site "Klatovy CZE"]
[Date "2018.07.08"]
[Round "9.25"]
[White "Benes, Jachym"]
[Black "Vavrousek, Petr"]
[Result "1-0"]
[WhiteElo "1386"]
[BlackElo "1686"]
[PlyCount "87"]
[EventDate "2018.06.30"]
[EventType "swiss"]
[EventRounds "9"]
[EventCountry "CZE"]

1. e4 e6 2. d4 d5 3. Nc3 dxe4 4. Nxe4 Bd7 5. Nf3 Bc6 6. Bd3 Nd7 7. Bf4 Ngf6 8. Qe2 Nxe4 9. Bxe4 Bxe4 10. Qxe4 c6 11. O-O Be7 12. c4 O-O 13. Rfe1 Nf6 14. Qc2 Qb6 15. Re3 c5 16. d5 Nh5 17. Bg5 Bf6 18. Bxf6 Nxf6 19. dxe6 fxe6 20. Rae1 Rae8 21. Ng5 e5 22. Rxe5 Rxe5 23. Rxe5 h6 24. Ne4 Ng4 25. Re7 Qg6 26. Qe2 b6 27. f3 Nf6 28. Nxf6+ gxf6 29. Qe1 f5 30. Qe6+ Qxe6 31. Rxe6 Rd8 32. Kf2 Rd2+ 33. Re2 Rd4 34. b3 Kf7 35. g3 h5 36. Ke3 Kf6 37. Rd2 Rxd2 38. Kxd2 Kg5 39. Ke3 a6 40. h4+ Kg6 41. Kf4 Kf6 42. g4 fxg4 43. fxg4 hxg4 44. h5 1-0

[Event "26th Klatovy B 2018"]
[Site "Klatovy CZE"]
[Date "2018.07.08"]
[Round "9.26"]
[White "Bauer, Jan 2005"]
[Black "Krobot, Jan"]
[Result "1-0"]
[WhiteElo "1415"]
[BlackElo "1680"]
[PlyCount "73"]
[EventDate "2018.06.30"]
[EventType "swiss"]
[EventRounds "9"]
[EventCountry "CZE"]

1. d4 Nf6 2. Nf3 d5 3. e3 e6 4. Bd3 c5 5. c3 Nc6 6. Nbd2 Be7 7. O-O O-O 8. dxc5 Bxc5 9. b4 Bd6 10. Bb2 Bd7 11. b5 Ne5 12. Nxe5 Bxe5 13. Nf3 Bd6 14. c4 Be7 15. a4 Rc8 16. Ne5 dxc4 17. Bxc4 Rc7 18. Qf3 Qc8 19. Bb3 Rd8 20. Rac1 Be8 21. Rxc7 Qxc7 22. Rc1 Qb8 23. Ng4 Nxg4 24. Qxg4 e5 25. Qf5 Bf6 26. Bc2 Qd6 27. Qxh7+ Kf8 28. Ra1 e4 29. Ba3 Bxa1 30. Bxd6+ Rxd6 31. Qxe4 Rd7 32. h4 f6 33. Qh7 Be5 34. Qh8+ Kf7 35. Bg6+ Kxg6 36. Qxe8+ Rf7 37. h5+ 1-0

[Event "26th Klatovy B 2018"]
[Site "Klatovy CZE"]
[Date "2018.07.08"]
[Round "9.27"]
[White "Prazak, Daniel"]
[Black "Svec, Vitezslav"]
[Result "1/2-1/2"]
[WhiteElo "1364"]
[BlackElo "1632"]
[PlyCount "41"]
[EventDate "2018.06.30"]
[EventType "swiss"]
[EventRounds "9"]
[EventCountry "CZE"]

1. d4 d5 2. c4 e6 3. Nc3 Be7 4. Nf3 Nf6 5. Bg5 Nbd7 6. e3 O-O 7. Bd3 dxc4 8. Bxc4 c5 9. O-O Nb6 10. Be2 cxd4 11. Qxd4 Nbd5 12. Nxd5 Nxd5 13. Bxe7 Qxe7 14. Rfd1 b6 15. Rac1 Bb7 16. a3 Rfd8 17. Qa4 Qf6 18. Qd4 Qh6 19. Qh4 Qxh4 20. Nxh4 Rac8 21. Nf3 1/2-1/2